[Event "Titled Tue 1st Jul Late"]
[Site "chess.com INT"]
[Date "2025.07.01"]
[Round "1"]
[White "Mesquita, Eduardo Barbosa"]
[Black "Stevik, Patrik"]
[Result "0-1"]
[BlackTitle "FM"]
[WhiteElo "2014"]
[BlackElo "2314"]
[WhiteFideId "22757163"]
[BlackFideId "14944812"]
[EventDate "2025.07.01"]

1. Nf3 Nf6 2. d4 e6 3. c4 d5 4. Nc3 Bb4 5. Bg5 O-O 6. e3 h6 7. Bh4 c5 8. Bd3
cxd4 9. exd4 dxc4 10. Bxc4 b6 11. O-O Bb7 12. Qe2 Nbd7 13. Rfd1 Rc8 14. Rac1 Qc7
15. Bg3 Qxc4 0-1

[Event "Titled Tue 1st Jul Late"]
[Site "chess.com INT"]
[Date "2025.07.01"]
[Round "1"]
[White "Araujo Filho, Luiz Antonio Coel"]
[Black "Novosel, Lovro"]
[Result "0-1"]
[BlackTitle "FM"]
[WhiteElo "2077"]
[BlackElo "2338"]
[WhiteFideId "2130661"]
[BlackFideId "14547120"]
[EventDate "2025.07.01"]

1. d4 Nf6 2. Nf3 g6 3. c4 c5 4. e3 cxd4 5. exd4 d5 6. Be2 Bg7 7. O-O O-O 8. c5
b6 9. b4 a5 10. Qb3 axb4 11. Qxb4 bxc5 12. dxc5 Nc6 13. Qb3 Ne4 14. Bb2 Rb8 0-1

[Event "Titled Tue 1st Jul Late"]
[Site "chess.com INT"]
[Date "2025.07.01"]
[Round "1"]
[White "Ismagilov, Damir"]
[Black "Marichal Gonzalez, Ariel"]
[Result "1-0"]
[WhiteTitle "CM"]
[BlackTitle "IM"]
[WhiteElo "2173"]
[BlackElo "2268"]
[WhiteFideId "34199982"]
[BlackFideId "3503232"]
[EventDate "2025.07.01"]

1. d4 Nf6 2. c4 c5 3. d5 e6 4. Nc3 exd5 5. cxd5 d6 6. e4 g6 7. f4 Bg7 8. Bb5+
Nfd7 9. a4 O-O 10. Nf3 b6 11. O-O Ba6 12. Be3 Bxb5 13. axb5 Qe7 14. e5 dxe5 15.
d6 Qe8 16. Qd5 exf4 17. Bxf4 1-0

[Event "Titled Tue 1st Jul Late"]
[Site "chess.com INT"]
[Date "2025.07.01"]
[Round "1"]
[White "Ambartsumova, Karina"]
[Black "Cuevas Araya, Walter"]
[Result "1-0"]
[WhiteTitle "IM"]
[BlackTitle "FM"]
[WhiteElo "2403"]
[BlackElo "2052"]
[WhiteFideId "4166299"]
[BlackFideId "3405028"]
[EventDate "2025.07.01"]

1. Nf3 Nf6 2. c4 c5 3. d4 cxd4 4. Nxd4 Nc6 5. Nc3 g6 6. Nc2 Bg7 7. e4 O-O 8. Be2
d6 9. O-O Be6 10. Be3 Rc8 11. Rc1 a6 12. Qd2 Ne5 13. b3 Nfg4 14. Bd4 Nf6 15. f4
Nc6 16. Be3 Ng4 17. Bxg4 Bxg4 18. f5 gxf5 19. exf5 f6 20. Rf4 Bh5 21. Rh4 Qe8
22. g4 Bf7 23. Bh6 e5 24. Bxg7 Kxg7 25. Qh6+ 1-0

[Event "Titled Tue 1st Jul Late"]
[Site "chess.com INT"]
[Date "2025.07.01"]
[Round "1"]
[White "Mafra, Kaiser Luiz"]
[Black "Bogdanov, Artyom"]
[Result "0-1"]
[WhiteTitle "CM"]
[BlackTitle "FM"]
[WhiteElo "2076"]
[BlackElo "2370"]
[WhiteFideId "2106698"]
[BlackFideId "13749200"]
[EventDate "2025.07.01"]

1. e4 e5 2. Nf3 d6 3. Bc4 Be7 4. d4 exd4 5. c3 Nc6 6. cxd4 Nf6 7. Nc3 O-O 8. h3
Nxe4 9. Bxf7+ Rxf7 10. Nxe4 d5 11. Neg5 Rf8 12. Be3 h6 13. h4 hxg5 14. Nxg5 Bf5
15. Qh5 Qe8 16. Qf3 Bb4+ 17. Kf1 Bd3+ 0-1

[Event "Titled Tue 1st Jul Late"]
[Site "chess.com INT"]
[Date "2025.07.01"]
[Round "1"]
[White "Ghafourian, Amir Ali"]
[Black "Romany, Joy"]
[Result "1-0"]
[WhiteTitle "CM"]
[BlackTitle "WIM"]
[WhiteElo "2111"]
[BlackElo "1960"]
[WhiteFideId "12533831"]
[BlackFideId "10656820"]
[EventDate "2025.07.01"]

1. e4 e5 2. Nf3 Nc6 3. Nc3 Nf6 4. d4 exd4 5. Nxd4 Bb4 6. Nxc6 bxc6 7. Bd3 d5 8.
exd5 cxd5 9. O-O O-O 10. h3 h6 11. Qf3 c6 12. Bf4 Be6 13. Ne2 Bd6 14. Rfe1 Rb8
15. b3 Qc7 16. Bxh6 Be5 17. Bf4 Bxf4 18. Nxf4 Rfe8 19. Qg3 Qd7 20. Nxe6 Rxe6 21.
Qxb8+ 1-0

[Event "Titled Tue 1st Jul Late"]
[Site "chess.com INT"]
[Date "2025.07.01"]
[Round "1"]
[White "Bacus, Dharim"]
[Black "Stefansson, Vignir Vatnar"]
[Result "0-1"]
[WhiteTitle "FM"]
[BlackTitle "GM"]
[WhiteElo "2131"]
[BlackElo "2515"]
[WhiteFideId "5201527"]
[BlackFideId "2308649"]
[EventDate "2025.07.01"]

1. e4 d6 2. d4 Nf6 3. Nc3 e5 4. h3 exd4 5. Qxd4 Nc6 6. Qe3 g6 7. Bd2 Bg7 8.
O-O-O O-O 9. Nf3 Re8 10. Bc4 Na5 11. Bd3 Be6 12. Kb1 a6 13. e5 dxe5 14. Nxe5 Nd5
15. Nxd5 Qxd5 16. Bxa5 Qxa2+ 17. Kc1 Qa1+ 18. Kd2 Qxa5+ 0-1

[Event "Titled Tue 1st Jul Late"]
[Site "chess.com INT"]
[Date "2025.07.01"]
[Round "1"]
[White "Dubnevych, Maksym"]
[Black "Alvarado, Carlos"]
[Result "1-0"]
[WhiteTitle "FM"]
[BlackTitle "CM"]
[WhiteElo "2296"]
[BlackElo "2032"]
[WhiteFideId "14184001"]
[BlackFideId "3800555"]
[EventDate "2025.07.01"]

1. Nc3 c6 2. d4 d5 3. Bf4 Nf6 4. e3 Bg4 5. Nf3 Nbd7 6. Be2 e6 7. Ne5 Bxe2 8.
Qxe2 Bb4 9. O-O Bxc3 10. bxc3 Nxe5 11. Bxe5 b5 12. a4 a6 13. Bxf6 gxf6 14. e4
O-O 15. Rfe1 dxe4 16. Qxe4 Qd5 17. Qg4+ Kh8 18. Qf4 Kg7 19. Re3 f5 20. Qg5+ 1-0

[Event "Titled Tue 1st Jul Late"]
[Site "chess.com INT"]
[Date "2025.07.01"]
[Round "1"]
[White "Amar, Elham"]
[Black "Bagrationi, Alexander"]
[Result "1-0"]
[WhiteTitle "GM"]
[BlackTitle "GM"]
[WhiteElo "2589"]
[BlackElo "2406"]
[WhiteFideId "1533533"]
[BlackFideId "14104954"]
[EventDate "2025.07.01"]

1. e4 e5 2. Nc3 Nf6 3. d4 exd4 4. Qxd4 Nc6 5. Qd3 Bb4 6. Ne2 d5 7. a3 Bxc3+ 8.
Nxc3 dxe4 9. Qxd8+ Kxd8 10. Bg5 Bf5 11. O-O-O+ Kc8 12. Bxf6 gxf6 13. Re1 Re8 14.
Bd3 Bg6 15. Bxe4 Ne7 16. Bxg6 hxg6 17. Nd5 1-0

[Event "Titled Tue 1st Jul Late"]
[Site "chess.com INT"]
[Date "2025.07.01"]
[Round "1"]
[White "Zierk, Steven"]
[Black "Budzisz, Adrian"]
[Result "1-0"]
[WhiteTitle "GM"]
[BlackTitle "CM"]
[WhiteElo "2489"]
[BlackElo "2100"]
[WhiteFideId "2034255"]
[BlackFideId "21860238"]
[EventDate "2025.07.01"]

1. e4 e6 2. d4 d5 3. Nc3 Bb4 4. exd5 exd5 5. Bd3 Ne7 6. Qf3 c6 7. Ne2 O-O 8. O-O
Nd7 9. Bg5 h6 10. Bh4 Re8 11. Rfe1 Nf8 12. Ng3 g5 13. Nh5 gxh4 14. Qf6 Nf5 15.
Rxe8 Qxf6 16. Nxf6+ Kg7 17. Bxf5 Bxf5 18. Nh5+ Kg6 19. Nf4+ Kg5 20. Rxa8 Kxf4
21. Rxa7 b5 22. Rxf7 Ne6 23. Ne2+ Kg5 24. c3 Bd6 25. a4 bxa4 26. Rxa4 Bd3 27.
Nc1 Bb5 28. Ra8 Nf4 29. Rg8+ Kh5 30. Rf5# 1-0

[Event "Titled Tue 1st Jul Late"]
[Site "chess.com INT"]
[Date "2025.07.01"]
[Round "1"]
[White "Karvatskyi, Oleksii"]
[Black "Angulo Perez, Sebastian"]
[Result "1/2-1/2"]
[WhiteTitle "CM"]
[BlackTitle "CM"]
[WhiteElo "2258"]
[BlackElo "2025"]
[WhiteFideId "14191059"]
[BlackFideId "6544045"]
[EventDate "2025.07.01"]

1. Nc3 d5 2. e4 dxe4 3. Nxe4 Nf6 4. Nxf6+ exf6 5. d4 Bd6 6. Bd3 O-O 7. Ne2 Re8
8. O-O Bg4 9. h3 Bh5 10. c3 Nd7 11. Qc2 Bxe2 12. Bxe2 Nf8 13. Bd3 Qd7 14. Be3
Rad8 15. Bf5 Qc6 16. Rfe1 a6 17. Bd2 Rxe1+ 18. Rxe1 Re8 19. Rxe8 Qxe8 20. Qe4
Qxe4 21. Bxe4 c6 22. Kf1 Nd7 23. g3 Kf8 24. Bxh7 g6 25. Bh6+ Ke7 26. h4 Nf8 27.
Bg8 Ne6 28. Kg2 Nd8 29. Bh7 Ne6 30. h5 gxh5 31. Kh3 Ng5+ 32. Bxg5 fxg5 33. Bf5
a5 34. Bc8 b6 35. Bb7 c5 36. dxc5 Bxc5 37. f4 gxf4 38. gxf4 Be3 39. f5 Kf6 40.
Bc8 Kg5 41. b3 f6 42. c4 Bc5 43. Be6 Ba3 44. Bc8 Bb4 45. Be6 Ba3 46. Bd7 h4 47.
Bc8 Bc5 48. Be6 Bb4 49. Bc8 Bc5 50. Bd7 Bb4 51. Be6 Bc5 52. Bd7 Ba3 53. Bc8 Bb4
54. Be6 Bc5 55. Bd7 1/2-1/2

[Event "Titled Tue 1st Jul Late"]
[Site "chess.com INT"]
[Date "2025.07.01"]
[Round "1"]
[White "Shuvalova, Polina"]
[Black "Gerbelli Neto, Eduardo"]
[Result "1-0"]
[WhiteTitle "IM"]
[WhiteElo "2480"]
[BlackElo "2114"]
[WhiteFideId "24171760"]
[BlackFideId "2103281"]
[EventDate "2025.07.01"]

1. e4 e5 2. Nc3 Nf6 3. Bc4 Nxe4 4. Qh5 Nd6 5. Qxe5+ Qe7 6. Qxe7+ Bxe7 7. Be2 c6
8. Nf3 O-O 9. O-O Nf5 10. d4 d5 11. Bd3 Bf6 12. Ne2 Re8 13. c3 Nd6 14. Bf4 Ne4
15. Ng3 g5 16. Be5 Bxe5 17. Nxe5 f6 18. Nxe4 dxe4 19. Bc4+ Kg7 20. Nf7 Be6 21.
Nd6 Bxc4 22. Nxe8+ Kf8 23. Nxf6 Bxf1 24. Rxf1 Na6 25. Nxh7+ Kg7 26. Nxg5 Re8 27.
Re1 1-0

[Event "Titled Tue 1st Jul Late"]
[Site "chess.com INT"]
[Date "2025.07.01"]
[Round "1"]
[White "Nefedov, Sergey"]
[Black "Linares Orellana, Hector Jose"]
[Result "1-0"]
[WhiteTitle "FM"]
[BlackTitle "FM"]
[WhiteElo "2251"]
[BlackElo "2111"]
[WhiteFideId "24113417"]
[BlackFideId "7304307"]
[EventDate "2025.07.01"]

1. d4 d5 2. Nf3 Nf6 3. c4 e6 4. Nc3 Be7 5. Bg5 O-O 6. e3 c6 7. Qc2 Nbd7 8. Rd1
Re8 9. Bd3 b6 10. O-O Bb7 11. Rfe1 c5 12. cxd5 Nxd5 13. Bxh7+ Kh8 14. Bxe7 Qxe7
15. Nxd5 exd5 16. Bf5 Nf6 17. Ne5 Rad8 18. Bg6 Rf8 19. Bxf7 1-0

[Event "Titled Tue 1st Jul Late"]
[Site "chess.com INT"]
[Date "2025.07.01"]
[Round "1"]
[White "Szpar, Milosz"]
[Black "Garcia Almaguer, Juan Manuel"]
[Result "1-0"]
[WhiteTitle "IM"]
[BlackTitle "CM"]
[WhiteElo "2495"]
[BlackElo "2142"]
[WhiteFideId "1184989"]
[BlackFideId "5110491"]
[EventDate "2025.07.01"]

1. e4 e5 2. Nf3 Nc6 3. Bb5 a6 4. Ba4 Nf6 5. O-O Be7 6. d3 b5 7. Bb3 O-O 8. a4
Bb7 9. Nc3 b4 10. Nd5 a5 11. Be3 d6 12. c3 Nxd5 13. Bxd5 Bf6 14. Qb3 Rb8 15.
Rfd1 Ne7 16. Bxb7 Rxb7 17. d4 Qa8 18. dxe5 dxe5 19. Qc4 Ng6 20. Rd7 bxc3 21.
bxc3 Qb8 22. g3 Rb1+ 23. Rxb1 Qxb1+ 24. Kg2 h5 25. Bc5 Rb8 26. Qxf7+ 1-0

[Event "Titled Tue 1st Jul Late"]
[Site "chess.com INT"]
[Date "2025.07.01"]
[Round "1"]
[White "Nguyen Hong Nhung"]
[Black "Nguyen, Ngoc Truong Son"]
[Result "0-1"]
[WhiteTitle "WFM"]
[BlackTitle "GM"]
[WhiteElo "2201"]
[BlackElo "2600"]
[WhiteFideId "12412201"]
[BlackFideId "12401110"]
[EventDate "2025.07.01"]

1. e4 e5 2. Nf3 Nc6 3. d4 exd4 4. Bc4 Nf6 5. O-O Be7 6. e5 Ng4 7. Bf4 d5 8. Bb5
g5 9. Bg3 h5 10. Nxd4 h4 11. Nxc6 bxc6 12. Bxc6+ Bd7 13. Qxd5 hxg3 14. Bxd7+ Kf8
15. fxg3 Rh7 16. Qe4 Bc5+ 17. Rf2 Bxf2+ 18. Kf1 Qxd7 19. Qxa8+ Kg7 20. Nc3 Qd2
21. Ne2 Qe3 0-1

[Event "Titled Tue 1st Jul Late"]
[Site "chess.com INT"]
[Date "2025.07.01"]
[Round "1"]
[White "Jagirapu, Harshin Reddy"]
[Black "Coe, William"]
[Result "1-0"]
[WhiteElo "2042"]
[BlackElo "2078"]
[WhiteFideId "39910679"]
[BlackFideId "30913624"]
[EventDate "2025.07.01"]

1. d4 Nf6 2. c4 e6 3. g3 d5 4. Nf3 c6 5. Bg2 Be7 6. O-O O-O 7. Nc3 b6 8. Qc2 Bb7
9. b3 Nbd7 10. Rd1 Rc8 11. e4 dxe4 12. Nxe4 Nxe4 13. Qxe4 Nf6 14. Qe2 Re8 15.
Bf4 Bd6 16. Ne5 Qc7 17. Rac1 Red8 18. h4 c5 19. dxc5 Bxc5 20. Nc6 Rxd1+ 21. Rxd1 1-0

[Event "Titled Tue 1st Jul Late"]
[Site "chess.com INT"]
[Date "2025.07.01"]
[Round "1"]
[White "Rabin, Evan"]
[Black "Cernov, Henrik"]
[Result "0-1"]
[BlackTitle "FM"]
[WhiteElo "1945"]
[BlackElo "2325"]
[WhiteFideId "2028670"]
[BlackFideId "16258312"]
[EventDate "2025.07.01"]

1. e4 c5 2. Nf3 e6 3. d4 cxd4 4. Nxd4 Nf6 5. Nc3 Nc6 6. Ndb5 Bc5 7. Bf4 O-O 8.
Be2 a6 9. Bc7 Qe7 10. Bd6 Bxd6 11. Nxd6 b5 12. a3 Ne8 13. Nxe8 Rxe8 14. O-O Bb7
15. Qd2 d6 16. Rad1 Rad8 17. f4 Na5 18. Nxb5 axb5 19. Qxa5 Bxe4 20. Bxb5 Rf8 21.
Qd2 d5 22. Bd3 Bxd3 23. Qxd3 Rb8 24. Qd4 Rfc8 25. Rf2 Rc4 26. Qe5 Qa7 27. Rd2
Re4 0-1

[Event "Titled Tue 1st Jul Late"]
[Site "chess.com INT"]
[Date "2025.07.01"]
[Round "1"]
[White "Krishnakumar, Sriram"]
[Black "Vazelakis, Dimitrios"]
[Result "1-0"]
[WhiteTitle "FM"]
[WhiteElo "2197"]
[BlackElo "1857"]
[WhiteFideId "30915856"]
[BlackFideId "4203674"]
[EventDate "2025.07.01"]

1. e4 Nf6 2. e5 Nd5 3. d4 d6 4. Bc4 Nb6 5. Bb3 dxe5 6. Qh5 g6 7. Qxe5 f6 8. Qf4
Nc6 9. Nf3 e6 10. O-O Bg7 11. Re1 O-O 12. c3 Kh8 13. Bxe6 Bxe6 14. Rxe6 Qd7 15.
Re1 Rae8 16. Be3 Nd5 17. Qg3 Nxe3 18. fxe3 f5 19. Nbd2 Bh6 20. e4 Bxd2 21. Nxd2
Nxd4 22. cxd4 Qxd4+ 23. Qe3 Qb4 24. Qc3+ Qxc3 25. bxc3 fxe4 26. Rxe4 Rd8 27. Nf3
Rd3 28. Re7 Rxc3 29. Rd1 g5 30. Rdd7 Rf5 31. Rd8+ 1-0

[Event "Titled Tue 1st Jul Late"]
[Site "chess.com INT"]
[Date "2025.07.01"]
[Round "1"]
[White "Gonzalez Mojica, Renan Arturo"]
[Black "Tatarinov, Dmitry"]
[Result "0-1"]
[WhiteTitle "FM"]
[BlackTitle "FM"]
[WhiteElo "2098"]
[BlackElo "2318"]
[WhiteFideId "4482379"]
[BlackFideId "24160067"]
[EventDate "2025.07.01"]

1. d4 Nf6 2. c4 e6 3. Nc3 d5 4. Nf3 Be7 5. Bf4 O-O 6. e3 Nbd7 7. c5 Nh5 8. Be5
Nxe5 9. Nxe5 Nf6 10. Bd3 c6 11. O-O Qc7 12. f4 b6 13. b4 a5 14. a3 Ba6 15. Bxa6
Rxa6 16. Qd3 Rfa8 17. b5 cxb5 18. Nxb5 Qc8 19. c6 a4 20. Rab1 Ne4 21. Rfc1 Nd6
22. Nxd6 Bxd6 23. Nd7 Qc7 24. Qb5 Bxa3 25. Rc3 Bd6 26. Nxb6 R8a7 27. Nxd5 exd5
28. Qxd5 a3 29. Rxa3 Rxa3 30. Rb7 Rxb7 31. cxb7 Qc1+ 32. Kf2 Qxe3+ 33. Kf1 Ra1# 0-1

[Event "Titled Tue 1st Jul Late"]
[Site "chess.com INT"]
[Date "2025.07.01"]
[Round "1"]
[White "Motola, Jacopo"]
[Black "Naroditsky, Daniel"]
[Result "0-1"]
[WhiteTitle "FM"]
[BlackTitle "GM"]
[WhiteElo "2330"]
[BlackElo "2619"]
[WhiteFideId "863190"]
[BlackFideId "2026961"]
[EventDate "2025.07.01"]

1. e4 Nf6 2. e5 Nd5 3. d4 d6 4. c4 Nb6 5. f4 dxe5 6. fxe5 Bf5 7. Nc3 e6 8. Be3
Bb4 9. Be2 c5 10. a3 cxd4 11. Qxd4 Qxd4 12. Bxd4 Nc6 13. Nf3 Nxd4 14. Nxd4 Bxc3+
15. bxc3 Be4 16. Kf2 Nd7 17. Bf3 Bxf3 18. Nxf3 Rc8 19. Rab1 b6 20. Rb4 a5 21.
Rb3 Rxc4 22. Rd1 Ke7 23. Nd2 Rc6 24. Nf3 Rhc8 0-1

[Event "Titled Tue 1st Jul Late"]
[Site "chess.com INT"]
[Date "2025.07.01"]
[Round "1"]
[White "Ragger, Markus"]
[Black "Pribelszky, Bence"]
[Result "1-0"]
[WhiteTitle "GM"]
[BlackTitle "IM"]
[WhiteElo "2566"]
[BlackElo "2396"]
[WhiteFideId "1610856"]
[BlackFideId "769738"]
[EventDate "2025.07.01"]

1. d4 e6 2. e4 d5 3. Nd2 Be7 4. Ngf3 Nf6 5. e5 Nfd7 6. Bd3 c5 7. c3 Nc6 8. O-O
g5 9. Nb1 g4 10. Ne1 cxd4 11. cxd4 Nxd4 12. Qxg4 Nc6 13. Qg7 Rf8 14. Nf3 Qc7 15.
Bf4 Nb4 16. Bxh7 Nc5 17. Rc1 Qb6 18. Be3 Nba6 19. Nc3 Bd7 20. Ng5 Qxb2 21. Rab1
Qa3 22. Nxf7 Rxf7 23. Bg6 O-O-O 24. Qxf7 Re8 25. Nb5 Bxb5 26. Rxb5 Kd7 27. Qxe8+ 1-0

[Event "Titled Tue 1st Jul Late"]
[Site "chess.com INT"]
[Date "2025.07.01"]
[Round "1"]
[White "Andrade, Ivan"]
[Black "Hansen, Sune Berg"]
[Result "0-1"]
[WhiteTitle "FM"]
[BlackTitle "GM"]
[WhiteElo "2144"]
[BlackElo "2503"]
[WhiteFideId "14800039"]
[BlackFideId "1400266"]
[EventDate "2025.07.01"]

1. e4 c5 2. Nf3 Nc6 3. d4 cxd4 4. Nxd4 e5 5. Nb5 d6 6. N1c3 a6 7. Na3 Be7 8. Nd5
Nf6 9. Nxe7 Nxe7 10. Nc4 Nxe4 11. f3 b5 12. fxe4 bxc4 13. Bxc4 Qb6 14. Bb3 Qb4+
15. Bd2 Qxe4+ 16. Qe2 Qxe2+ 17. Kxe2 a5 18. Rhf1 Be6 19. Ba4+ Kd8 20. b3 d5 21.
h3 Kc7 22. c4 dxc4 23. Rac1 Nc6 24. Bxc6 Kxc6 25. bxc4 f6 26. a3 Rhb8 27. Kd3
Rb3+ 28. Rc3 Rd8+ 29. Kc2 Rxc3+ 30. Kxc3 Bxc4 31. Rb1 Rd3+ 32. Kc2 Rxa3 33. Rb8
Bd5 34. Rc8+ Kd7 35. Rc5 Bxg2 0-1

[Event "Titled Tue 1st Jul Late"]
[Site "chess.com INT"]
[Date "2025.07.01"]
[Round "1"]
[White "Piliposyan, Robert"]
[Black "Mottola, Max"]
[Result "1-0"]
[WhiteTitle "IM"]
[WhiteElo "2416"]
[BlackElo "2247"]
[WhiteFideId "13309978"]
[BlackFideId "30985862"]
[EventDate "2025.07.01"]

1. e4 d5 2. Nc3 dxe4 3. Nxe4 Bf5 4. Qf3 Bg6 5. Nc5 c6 6. Nxb7 Qb6 7. Qb3 e6 8.
d4 Nf6 9. Nc5 Nbd7 10. Nxd7 Nxd7 11. c3 c5 12. Bb5 cxd4 13. Qa4 Rd8 14. Nf3 Bc5
15. Bxd7+ Rxd7 16. Ne5 Qc7 17. Qxd7+ Qxd7 18. Nxd7 Kxd7 19. cxd4 Bxd4 20. O-O
Ke7 21. Be3 Bxe3 22. fxe3 Rb8 23. b3 a5 24. Rac1 a4 25. bxa4 Ra8 26. Rf4 Ra5 27.
Rb4 Bd3 28. Rc7+ Kd6 29. Rxf7 Ba6 30. Rxg7 Bc8 31. Rxh7 Ke5 32. Rh5+ 1-0

[Event "Titled Tue 1st Jul Late"]
[Site "chess.com INT"]
[Date "2025.07.01"]
[Round "1"]
[White "Tan, Zhongyi"]
[Black "Garg, Priyansh"]
[Result "1-0"]
[WhiteTitle "GM"]
[WhiteElo "2546"]
[BlackElo "2089"]
[WhiteFideId "8603642"]
[BlackFideId "30984696"]
[EventDate "2025.07.01"]

1. e4 c5 2. Nf3 d6 3. d4 cxd4 4. Nxd4 Nf6 5. Nc3 a6 6. Be3 e5 7. Nb3 Be7 8. f3
Be6 9. Qd2 Nbd7 10. g4 h6 11. O-O-O Rc8 12. h4 Qc7 13. Be2 h5 14. g5 Ng8 15. Kb1
b5 16. f4 exf4 17. Bxf4 Ne5 18. Nd5 Bxd5 19. exd5 Nc4 20. Qe1 Nb6 21. Bd3 Nxd5
22. Bg3 Kf8 23. Rh2 Bd8 24. Bf5 Nge7 25. Bxc8 Qxc8 26. Bxd6 Nb6 27. Re2 1-0

[Event "Titled Tue 1st Jul Late"]
[Site "chess.com INT"]
[Date "2025.07.01"]
[Round "1"]
[White "Sitbon, Itay"]
[Black "Cardozo Munar, Carlos Eduardo"]
[Result "1-0"]
[BlackTitle "FM"]
[WhiteElo "2206"]
[BlackElo "2052"]
[WhiteFideId "2820706"]
[BlackFideId "4409477"]
[EventDate "2025.07.01"]

1. e4 e6 2. Nf3 d5 3. e5 c5 4. b4 cxb4 5. a3 d4 6. axb4 Bxb4 7. Bd3 Ne7 8. O-O
Nbc6 9. Be4 Qc7 10. c3 dxc3 11. Nxc3 a6 12. Qb3 O-O 13. Nb5 Qb8 14. Nd6 Bxd6 15.
exd6 Qxd6 16. Ba3 Qd8 17. Rac1 Re8 18. Bxh7+ Kxh7 19. Ng5+ Kg8 20. Qh3 Nb4 21.
Qh7+ Kf8 22. Bxb4 1-0

[Event "Titled Tue 1st Jul Late"]
[Site "chess.com INT"]
[Date "2025.07.01"]
[Round "1"]
[White "Manukian, Artak"]
[Black "Sargsyan, Shant"]
[Result "0-1"]
[BlackTitle "GM"]
[WhiteElo "2104"]
[BlackElo "2669"]
[WhiteFideId "13301373"]
[BlackFideId "13306766"]
[EventDate "2025.07.01"]

1. e4 g6 2. d4 Nf6 3. Nc3 d5 4. e5 Ne4 5. Nce2 f6 6. f3 Ng5 7. Bxg5 fxg5 8. Qd2
c5 9. c3 e6 10. O-O-O Nc6 11. Kb1 Bd7 12. Nh3 Be7 13. Nf2 Qb6 14. Ng4 O-O-O 15.
Nf6 Kb8 16. Nc1 cxd4 17. cxd4 Na5 18. Nxd7+ Rxd7 19. Bd3 Rc8 20. Ne2 Nc6 21. Rc1
Rdc7 22. Qe3 Ba3 23. Rc2 Nb4 24. Rxc7 Rxc7 25. b3 a5 26. Nc1 a4 27. Rd1 Qc6 28.
Ne2 Qb6 29. Nc1 Nc6 0-1

[Event "Titled Tue 1st Jul Late"]
[Site "chess.com INT"]
[Date "2025.07.01"]
[Round "1"]
[White "Dyachuk, Artem"]
[Black "Myagmarsuren, Evsuld"]
[Result "1-0"]
[WhiteTitle "FM"]
[BlackTitle "FM"]
[WhiteElo "2374"]
[BlackElo "2292"]
[WhiteFideId "34107924"]
[BlackFideId "1551639"]
[EventDate "2025.07.01"]

1. e4 e5 2. Nf3 Nc6 3. Bb5 Nf6 4. d3 Bc5 5. Bxc6 dxc6 6. Nbd2 Bd6 7. Nc4 Qe7 8.
O-O h6 9. b3 Bg4 10. Bb2 O-O 11. Ne3 Bxf3 12. Qxf3 g6 13. Rfe1 Rfe8 14. Nc4 c5
15. a4 Kg7 16. Qh3 Qe6 17. Qxe6 Rxe6 18. f4 Nd7 19. Re2 Rae8 20. Rf1 Kg8 21. f5
R6e7 22. Bc1 Kh7 23. Ne3 c6 24. Ref2 Bc7 25. fxg6+ fxg6 26. Rf7+ Kg8 27. Ng4 h5
28. Nh6+ Kh8 29. Bg5 Rxf7 30. Rxf7 Nf8 31. Bf6# 1-0

[Event "Titled Tue 1st Jul Late"]
[Site "chess.com INT"]
[Date "2025.07.01"]
[Round "1"]
[White "Li, Xueyi"]
[Black "Perossa, Nicolas"]
[Result "0-1"]
[WhiteTitle "WGM"]
[BlackTitle "FM"]
[WhiteElo "2220"]
[BlackElo "2286"]
[WhiteFideId "8605912"]
[BlackFideId "2850520"]
[EventDate "2025.07.01"]

1. d4 Nf6 2. c4 g6 3. g3 Bg7 4. Bg2 O-O 5. Nf3 d6 6. O-O Nbd7 7. Nc3 e5 8. d5 a5
9. a4 Nc5 10. e4 Nfxe4 11. Nxe4 Nxe4 12. Re1 Nc5 13. Be3 b6 14. Bxc5 bxc5 15.
Qe2 f5 16. Qd2 e4 17. Ng5 Rb8 18. Rab1 Qf6 19. h4 Rb4 20. Rec1 h6 21. Nh3 Qd4
22. Qxd4 Bxd4 23. Nf4 Kf7 24. Rc2 Bd7 25. b3 Rfb8 26. Ne2 Rxb3 27. Rxb3 Rxb3 28.
Bf1 Bxa4 29. Ra2 Rb4 30. Nxd4 cxd4 0-1

[Event "Titled Tue 1st Jul Late"]
[Site "chess.com INT"]
[Date "2025.07.01"]
[Round "1"]
[White "Bold, Andre"]
[Black "Gelman, Alexander"]
[Result "0-1"]
[WhiteTitle "CM"]
[BlackTitle "IM"]
[WhiteElo "2235"]
[BlackElo "2403"]
[WhiteFideId "16208471"]
[BlackFideId "4118316"]
[EventDate "2025.07.01"]

1. d4 Nf6 2. Nf3 c5 3. c4 cxd4 4. Nxd4 d6 5. Nc3 e6 6. e4 a6 7. f3 Bd7 8. Be3
Nc6 9. Be2 Be7 10. Qd2 O-O 11. O-O Rc8 12. Rfd1 Ne5 13. b3 Ng6 14. Rac1 h5 15.
Bd3 Re8 16. Bb1 h4 17. Nde2 b5 18. cxb5 axb5 19. Nf4 Ne5 20. Nd3 Ng6 21. Nf4 Ne5
22. Nd3 h3 23. Nxe5 dxe5 24. g3 b4 25. Na4 Qa5 26. Bb6 Qa6 27. Bd3 Bb5 28. Bxb5
Qxb5 29. Rxc8 Rxc8 30. Rc1 Rxc1+ 31. Qxc1 Qe2 32. Qf1 Qxa2 33. Qxh3 Qxb3 34. Nc5
Qxf3 35. Qg2 Qxg2+ 36. Kxg2 Bxc5 37. Bxc5 b3 0-1